000 00393cam a2200145ua 4500
003 OSt
008 241231b |||||||| |||| 00| 0 eng d
041 _aeng
082 _a621.3678
_bRED/TE
100 _aReddy, Anji,M .
_96674
245 _aText book of remote sensing and geographic information system /
260 _aHyderabad :
_bB S Publication ,
_c2001.
300 _a ; .
942 _cBK
999 _c12979
_d12979